Kraje z klubem w Lidze Mistrzów 2025/26 - Statystyki

Ogólne statystyki
  • Ten quiz został rozwiązany 134 razy
  • Średni wynik to 10 z 16
Answers on the Grid
Answers color-coded by a green-red scale on the quiz's grid according to % correct below.
Anglia
Włochy
Hiszpania
Polska
Niemcy
Francja
Chorwacja
Holandia
Ukraina
Turcja
Portugalia
Węgry
Belgia
Bułgaria
Słowenia
Finlandia
Czechy
Grecja
Irlandia
Cypr
Rosja
Szkocja
Serbia
Rumunia
Norwegia
Dania
Austria
Szwajcaria
Kazachstan
Szwecja
Azerbejdżan
Słowacja
 
Statystyki odpowiedzi
Odpowiedź % Poprawnych
Anglia
100%
Włochy
96%
Niemcy
95%
Hiszpania
93%
Francja
91%
Holandia
76%
Portugalia
74%
Belgia
57%
Turcja
51%
Kazachstan
39%
Czechy
38%
Norwegia
37%
Cypr
34%
Dania
33%
Azerbejdżan
27%
Grecja
27%
Nie znaleziono quizów pasujących do podanych kryteriów
Rozkład punktacji
Procent ludzi z każdym wynikiem
Percentyl według liczby udzielonych odpowiedzi
Twoja historia wyników
Nie rozwiązałeś tego quizu